चंद्रशेखर के विचार : (Record no. 117638)
[ view plain ]
| 000 -LEADER | |
|---|---|
| fixed length control field | 01229nam a22002657a 4500 |
| 005 - DATE AND TIME OF LATEST TRANSACTION | |
| control field | 20170124103059.0 |
| 010 ## - LIBRARY OF CONGRESS CONTROL NUMBER | |
| LC control number | B-069699 |
| 020 ## - INTERNATIONAL STANDARD BOOK NUMBER | |
| Terms of availability | 375.00 |
| International Standard Book Number | 8126704691 |
| 035 ## - SYSTEM CONTROL NUMBER | |
| System control number | B-069699 |
| 037 ## - SOURCE OF ACQUISITION | |
| Source of stock number/acquisition | Cen Lib/Ret |
| 040 ## - CATALOGING SOURCE | |
| Original cataloging agency | DPL |
| Language of cataloging | EN |
| 082 ## - DEWEY DECIMAL CLASSIFICATION NUMBER | |
| Classification number | 921 |
| Item number | चंद्रशे |
| 100 ## - MAIN ENTRY--PERSONAL NAME | |
| Personal name | चंद्रशेखर |
| 9 (RLIN) | 110732 |
| 245 ## - TITLE STATEMENT | |
| Title | चंद्रशेखर के विचार : |
| Statement of responsibility, etc | चंद्रशेखर एवं हरिवंश कृपाशंकर चौबे |
| Remainder of title | भाषण एवं लेख / |
| 246 ## - VARYING FORM OF TITLE | |
| Title proper/short title | Chandrashekhar ke vichar : |
| Remainder of title | bhasan evem lekhan / |
| 260 ## - PUBLICATION, DISTRIBUTION, ETC. (IMPRINT) | |
| Place of publication, distribution, etc | नई दिल्ली |
| Name of publisher, distributor, etc | राजकमल प्रकाशन |
| Date of publication, distribution, etc | 2002 |
| 270 ## - ADDRESS | |
| City | नई दिल्ली |
| Address | 1-बी, नेताजी सुभाष मार्ग |
| Postal code | 110002 |
| 300 ## - PHYSICAL DESCRIPTION | |
| Extent | v,271पृ. |
| Dimensions | 24सेमी (सजिल्द) |
| 650 ## - SUBJECT ADDED ENTRY--TOPICAL TERM | |
| Topical term or geographic name as entry element | हिन्दी साहित्य |
| 9 (RLIN) | 110733 |
| 650 ## - SUBJECT ADDED ENTRY--TOPICAL TERM | |
| Topical term or geographic name as entry element | चंद्रशेखर--जीवनी |
| 9 (RLIN) | 232 |
| 650 ## - SUBJECT ADDED ENTRY--TOPICAL TERM | |
| Topical term or geographic name as entry element | Hindi literature |
| 9 (RLIN) | 110734 |
| 650 ## - SUBJECT ADDED ENTRY--TOPICAL TERM | |
| Topical term or geographic name as entry element | Chandrasekhar - Biography |
| 9 (RLIN) | 75952 |
| 700 ## - ADDED ENTRY--PERSONAL NAME | |
| Personal name | चौबे, हरिवंश कृपाशंकर |
| 9 (RLIN) | 46470 |
| 942 ## - ADDED ENTRY ELEMENTS (KOHA) | |
| Source of classification or shelving scheme | Dewey Decimal Classification |
| Koha item type | Hindi Books |
| Classification part | 921 |
| Call number suffix | चंद्रशे |
| Withdrawn status | Lost status | Damaged status | Not for loan | Home library | Current library | Date acquired | Source of acquisition | Cost, normal purchase price | Total Checkouts | Full call number | Barcode | Date last seen | Date checked out | Copy number | Cost, replacement price | Price effective from | Koha item type |
|---|---|---|---|---|---|---|---|---|---|---|---|---|---|---|---|---|---|
| Central Library | Central Library | 07/09/2015 | Cen Lib/Ret | 375.00 | 1 | 921 चंद्रशे | B-069699 | 14/06/2017 | 03/06/2017 | 1 | 375.00 | 15/09/2016 | Hindi Books |
